| Tag |
First Indicator |
Second Indicator |
Subfields |
| LEADER |
00000cam a2200000Ki 4500 |
| 001 |
in00003563749 |
| 006 |
m o d |
| 007 |
cr cnu---unuuu |
| 008 |
131029s2003 maua ob 001 0 eng d |
| 005 |
20260422212035.8 |
| 020 |
|
|
|a 9789401715027 (electronic bk.)
|
| 020 |
|
|
|a 9401715025 (electronic bk.)
|
| 020 |
|
|
|z 1402017847
|
| 020 |
|
|
|z 9781402017841
|
| 024 |
7 |
|
|a 10.1007/978-94-017-1502-7
|2 doi
|
| 035 |
|
|
|a (OCoLC)861705510
|
| 040 |
|
|
|a GW5XE
|b eng
|e rda
|e pn
|c GW5XE
|d OCLCF
|d UtOrBLW
|
| 041 |
1 |
|
|a eng
|h ger
|
| 049 |
|
|
|a TXAM
|
| 050 |
|
4 |
|a K328
|b .O3313 2003eb
|
| 082 |
0 |
4 |
|a 340/.1
|2 22
|
| 100 |
1 |
|
|a Oeser, Erhard.
|
| 240 |
1 |
0 |
|a Evolution und Selbstkonstruktion des Rechts.
|l English
|
| 245 |
1 |
0 |
|a Evolution and constitution :
|b the evolutionary selfconstruction [as printed] of law /
|c by Erhard Oeser ; translated by Maria Wuketits.
|
| 264 |
|
1 |
|a Boston :
|b Kluwer Academic,
|c 2003.
|
| 300 |
|
|
|a 1 online resource (xi, 210 pages) :
|b illustrations.
|
| 336 |
|
|
|a text
|b txt
|2 rdacontent
|
| 337 |
|
|
|a computer
|b c
|2 rdamedia
|
| 338 |
|
|
|a online resource
|b cr
|2 rdacarrier
|
| 490 |
1 |
|
|a Theory and decision library A : philosophy and methodology of the social sciences ;
|v volume 37
|
| 504 |
|
|
|a Includes bibliographical references and index.
|
| 505 |
0 |
|
|a Preface -- 0: Philosophy and Jurisprudence. 0.1. The Three Classical Dimensions of Legal Philosophy. 0.2. The Traditional Basic Controversy (Natural Law Versus Legal Positivism) and Contemporary Approaches to it. 0.3. Summary and Preview -- 1: Legal Philosophy as Methodology. 1.1. Jurisprudential Concept of Science and the Position of Jurisprudence in the System of Sciences. 1.2. The Basic Types of Scientific Method. 1.3. Structure of Scientific Knowledge. 1.4. Classification of Sciences and the Position of Jurisprudence. 1.5. Model of the Functional Context of Juristic Methods. 1.6. Summary: the Open System Of Law -- 2: Legal Philosophy as a Developmental Theory of Law. 2.1. Legal-Philosophical Relativism. 2.2. The Theory of Socio-Cultural Evolution As Frames of a Developmental Theory of Law. 2.3. Approaches to an Evolutionary Theory of Development of Law -- 3: The Theoretical Model of a Deeper Argumentation. 3.1. The Meta-Theory of Juristic Argumentation. 3.2. Expansion Towards Historical-Genetic Dimension: Historical Discourse. 3.3. Extension Towards a Legal-Ethical Theory of Principles. 3.4. Rational Self-Construction of Law. References. Index.
|
| 520 |
|
|
|a Evolution and Constitution for the first time brings together case law and law based on norms. It offers the reader a survey and a new explanation of evolutionary emergence of social contracts and constitutions in the European history, and -after all - should help to build a bridge between 'two cultures', science and humanities. Evolutionary approach to law had been advocated already at the time of Darwin by English ethnologists of law like Sumner Maine and American anthropologists like Morgan. The present work is an attempt to apply evolutionary thought to the continental legal philosophy and juristic methodology. Although in the 19th century the idea of an evolution of law was present also on the continent it was burdened with reproaches of social Darwinism (proved nowadays as unreasonable). Grounds for the negotiability of evolutionary approach to complex social systems are provided by the latest research in evolutionary theory of cognition and evolutionary ethics as well as by the theory of complex systems in the sense of Friedrich von Hayek. This book provides a profounder (conformable to the biological theory of evolution) explanatory basis not only for anthropology and history of law but also for juristic methodology. In addition it offers a practical model of juristic argumentation processes, illustrated by many examples.
|
| 588 |
|
|
|a Description based on print version record.
|
| 650 |
|
0 |
|a Law
|x Philosophy.
|
| 650 |
|
0 |
|a Law
|x Methodology.
|
| 650 |
|
0 |
|a Evolution.
|
| 650 |
|
7 |
|a Evolution.
|2 fast
|0 (OCoLC)fst00917265
|
| 650 |
|
7 |
|a Law
|x Methodology.
|2 fast
|0 (OCoLC)fst00993777
|
| 650 |
|
7 |
|a Law
|x Philosophy.
|2 fast
|0 (OCoLC)fst00993788
|
| 655 |
|
7 |
|a Electronic books.
|2 local
|
| 710 |
2 |
|
|a SpringerLink (Online service)
|
| 776 |
1 |
8 |
|i Print version:
|a Oeser, Erhard.
|s Evolution und Selbstkonstruktion des Rechts. English.
|t Evolution and constitution
|z 1402017847
|w (DLC) 2003067415
|w (OCoLC)265229002
|
| 830 |
|
0 |
|a Theory and decision library.
|n Series A,
|p Philosophy and methodology of the social sciences ;
|v volume 37.
|
| 856 |
4 |
0 |
|u http://proxy.library.tamu.edu/login?url=https://link.springer.com/10.1007/978-94-017-1502-7
|z Connect to the full text of this electronic book
|t 0
|
| 994 |
|
|
|a 92
|b TXA
|
| 999 |
|
|
|a MARS
|
| 999 |
f |
f |
|s 553f02c9-c8ec-37f3-9a2f-b9f3783d3435
|i ab0d86b0-4c01-3ca2-a674-2ff37463e6be
|t 0
|
| 952 |
f |
f |
|a Texas A&M University
|b College Station
|c Electronic Resources
|s www_evans
|d Available Online
|t 0
|e K328 .O3313 2003eb
|h Library of Congress classification
|
| 998 |
f |
f |
|a K328 .O3313 2003eb
|t 0
|l Available Online
|